| 000 | 00467nam a2200169 a 4500 | ||
|---|---|---|---|
| 001 | 000044201 | ||
| 005 | 20201002045219.0 | ||
| 008 | 140609s2004 dr r 000 0 spa d | ||
| 020 | _a9993494828 | ||
| 040 |
_aDO-SdBNP _bspa _cBNPHU |
||
| 082 |
_axxxx _bC957f |
||
| 100 | 1 |
_aCruz, Eramis _928488 |
|
| 245 | 1 | 3 |
_aEl final del silencio / _cEramis Cruz. |
| 260 |
_aSanto Domingo : _bPunto Mágico, _c2004. |
||
| 300 |
_a171 p. ; _c21 cm. |
||
| 590 | _aInventariado, 2018/BT | ||
| 999 |
_c43690 _d43690 |
||